The good Muslim : (Record no. 79444)

MARC details
000 -LEADER
fixed length control field 00812nam a22002297a 4500
005 - DATE AND TIME OF LATEST TRANSACTION
control field 20170428151934.0
010 ## - LCCN (DPL NO)
LC control number B-519487-491 ENG-117985
020 ## - INTERNATIONAL STANDARD BOOK NUMBER
International Standard Book Number 9781107610699
Terms of availability 595.00
035 ## - SYSTEM CONTROL NUMBER
System control number B-519487-491
035 ## - SYSTEM CONTROL NUMBER
System control number EN-101517
037 ## - SOURCE OF ACQUISITION
Stock number dpl
Source of stock number/acquisition BSB/Ven.
037 ## - SOURCE OF ACQUISITION
Source of stock number/acquisition DBAD/PUB
082 ## - DEWEY DECIMAL CLASSIFICATION NUMBER
Classification number 270.4
100 ## - MAIN ENTRY--PERSONAL NAME
Personal name Siddiqui, Mona
245 ## - TITLE STATEMENT
Title The good Muslim :
Statement of responsibility, etc by Mona Siddiqui
Remainder of title reflections on classical islamic law and theology /
260 ## - PUBLICATION, DISTRIBUTION, ETC. (IMPRINT)
Place of publication, distribution, etc New Delhi
Name of publisher, distributor, etc Cambridge University Press
Date of publication, distribution, etc 2012
270 ## - ADDRESS
Address 4381/4, Ansari Road Daryaganj
City New Delhi
Postal code 110002
300 ## - PHYSICAL DESCRIPTION
Extent vii,231p.
Dimensions 20cm(pbk)
500 ## - GENERAL NOTE
General note Includes bibliographical references and index
942 ## - ADDED ENTRY ELEMENTS (KOHA)
Source of classification or shelving scheme Dewey Decimal Classification
Item type English Books
Call number suffix SID
Classification part 270.4
Holdings
Withdrawn status Lost status Not for loan Collection code Home library Current library Date acquired Source of acquisition Cost, normal purchase price Full call number Barcode Copy number Cost, replacement price Koha item type
      Non-fiction Bawana Bawana 28/04/2017 DBAD/PUB 595.00 270.4 SID EN-101517 1 595.00 English Books
      Non-fiction Central Library Central Library 02/01/2014 BSB/893/14.03.2013/169/08.03.2013/28.03.2013 595.00 270.4 SID B-519487 1 595.00 English Books
      Non-fiction Janak Puri Janak Puri 02/01/2014 BSB/893/14.03.2013/169/08.03.2013/28.03.2013 595.00 270.4 SID B-519490 1 595.00 English Books
      Non-fiction Kasturba Gandhi Marg Kasturba Gandhi Marg 02/01/2014 BSB/893/14.03.2013/169/08.03.2013/28.03.2013 595.00 270.4 SID B-519489 1 595.00 English Books
      Non-fiction Narela Narela 02/01/2014 BSB/893/14.03.2013/169/08.03.2013/28.03.2013 595.00 270.4 SID B-519491 1 595.00 English Books
      Non-fiction Patel Nagar Patel Nagar 02/01/2014 BSB/893/14.03.2013/169/08.03.2013/28.03.2013 595.00 270.4 SID B-519488 1 595.00 English Books

© Delhi Public Library
Hit Counter
free hit counter